Modified Animaniacs Presidents Quiz Stats

 Plays Quiz not verified by Sporcle

Support Sporcle.
Go Orange.
Score 0/6 Timer 04:00
0 Plays Today
President Original Lyrics % Correct
Warren HardingWarren Harding, he does fine
80%
Thomas JeffersonTom Jefferson stayed up to write the Constitution late at night so he and his wife had a great big fight and she made him sleep on the couch all night
65.7%
Calvin Coolidgeit's Calvin Coolidge, next in line
60%
John F. KennedyJohn F. Kennedy, he gets shot
60%
Lyndon Johnsonso Lyndon Johnson takes his spot
45.7%
Bill ClintonNow in Washington, D.C. there's Democrats and the G.O.P., but the one in charge is plain to see, it's Clinton, first name Hillary
31.4%

You're not logged in!

Compare scores with friends on all Sporcle quizzes.
OR
Log In

From the Vault

Clicktion on the Fiction (1990s)

by MSUKent

Oh right, we remember the '90s, back when books were all printed on paper. So weird.
Remove Ads.
Support Sporcle.
Get the best of Sporcle when you Go Orange. This ad-free experience offers more features, more stats, and more fun while also helping to support Sporcle. Thank you for becoming a member.

Show Comments

Extras

Top Quizzes Today


Score Distribution

Your Account Isn't Verified!

In order to create a playlist on Sporcle, you need to verify the email address you used during registration. Go to your Sporcle Settings to finish the process.

Report this User

Report this user for behavior that violates our Community Guidelines.

Details: